Στοιχεία μαθηματικών
Αποθηκεύτηκε σε:
| Κύριος συγγραφέας: | |
|---|---|
| Μορφή: | Βιβλίο |
| Γλώσσα: | Greek |
| Δημοσίευση: |
Αθήναι :
Μ. Πεχλιβανίδης & Σία Α. Ε.,
[1963]
|
| Θέματα: | |
| Ετικέτες: |
Προσθήκη ετικέτας
Δεν υπάρχουν, Καταχωρήστε ετικέτα πρώτοι!
|
MARC
| LEADER | 00000cam a2200000 a 4500 | ||
|---|---|---|---|
| 001 | 1/106937 | ||
| 008 | 150612s1963####gr | ||| |||| ||gre|| | ||
| 040 | |a GR-MyUa |b gre |c GR-MyUa |e AACR2 | ||
| 041 | 0 | |a gre | |
| 082 | 7 | |a 512.7 |2 (23) | |
| 100 | 1 | |a Παναγάκης, Κωνσταντίνος Γ. | |
| 245 | 1 | 0 | |a Στοιχεία μαθηματικών / |c Κων. Γ. Παπαγάκη. |
| 260 | |a Αθήναι : |b Μ. Πεχλιβανίδης & Σία Α. Ε., |c [1963] | ||
| 300 | |a 120 σ. ; |c 25 εκ. | ||
| 500 | |a Δια τα γυμνάσια πρακτικής κατευθύνσεως και τους υποψιφίους των ανωτάτων σχολών. | ||
| 505 | 8 | |a τ.3. Πραγματικοί αριθμοί. | |
| 650 | 0 | |a Number theory. | |
| 650 | 0 | |a Mathematics. | |
| 740 | 0 | |a Πραγματικοί αριθμοί | |
| 852 | |a INST |b SAMOS |c MAG |e 20150612 |h 512.7 ΠΑΝ |p 005300035659 |q 005300035659 |t BK |y 0 | ||
| 970 | |a Σιτζίμη |b Γιασεμή |z 12/06/2015 | ||